Statistics for 燕京八景Eight Great Sights of Yanjing

Click here to take the quiz!

General Stats

  • This quiz has been taken 19 times
  • The average score is 4 of 8

Answer Stats

答案% Correct
金台夕照
84%
卢沟晓月
74%
蓟门烟树
42%
太液秋风
37%
琼岛春阴
32%
西山晴雪
32%
居庸叠翠
32%
玉泉趵突
26%

Score Distribution

Percentile by Number Answered

Percent of People with Each Score

Your Score History

You have not taken this quiz